Comercio y desarrollo/ : (Registro nro. 43224)
[ vista simple ]
| 000 -CABECERA | |
|---|---|
| campo de control de longitud fija | 01187nas a2200277 a 4500 |
| 001 - NÚMERO DE CONTROL | |
| campo de control | 000043735 |
| 003 - IDENTIFICADOR DEL NÚMERO DE CONTROL | |
| campo de control | DLC |
| 005 - FECHA Y HORA DE LA ÚLTIMA TRANSACCIÓN | |
| campo de control | 20240830145015.0 |
| 008 - DATOS DE LONGITUD FIJA--INFORMACIÓN GENERAL | |
| campo de control de longitud fija | 140408c19889999dr ur1p d 0 z0spa d |
| 040 ## - FUENTE DE LA CATALOGACIÓN | |
| Centro catalogador/agencia de origen | DO-SdBNP |
| Lengua de catalogación | spa |
| Centro/agencia transcriptor | BNPHU |
| 043 ## - CÓDIGO DE ÁREA GEOGRÁFICA | |
| Código de área geográfica | nwdr |
| 245 00 - MENCIÓN DE TÍTULO | |
| Título | Comercio y desarrollo/ : |
| Resto del título | la revista de Baní. |
| 260 ## - PUBLICACIÓN, DISTRIBUCIÓN, ETC. | |
| Lugar de publicación, distribución, etc. | Baní, República Dominicana : |
| Nombre del editor, distribuidor, etc. | Comercio y desarrollo, |
| Fecha de publicación, distribución, etc. | 1988. |
| Fabricante | COSOASA |
| 300 ## - DESCRIPCIÓN FÍSICA | |
| Extensión | v. : |
| Otras características físicas | il. ; |
| Dimensiones | 28 cm. |
| 310 ## - PERIODICIDAD ACTUAL | |
| Periodicidad actual | Desconocida |
| 362 1# - FECHAS DE PUBLICACIÓN Y/O DESIGNACIÓN SECUENCIAL | |
| Fecha de publicación y/o designación secuencial | Inicia con: Año.1, no.1, (Agosto, 1988) |
| 500 ## - NOTA GENERAL | |
| Nota general | Descripción basada en: Año.1, no.1, (Agosto, 1988) |
| 500 ## - NOTA GENERAL | |
| Nota general | Título tomado de la portada |
| 500 ## - NOTA GENERAL | |
| Nota general | Director: 1988, José Miguel Germán |
| 505 0# - NOTA DE CONTENIDO CON FORMATO | |
| Nota de contenido con formato | Revista de interés general y dedicada al análisis y propuestas de soluciones en las áreas del comercio, la cultura y el desarrollo. |
| 651 #4 - PUNTO DE ACCESO ADICIONAL DE MATERIA--NOMBRE GEOGRÁFICO | |
| Nombre geográfico | República Dominicana |
| Subdivisión general | Comercio |
| Subdivisión de forma | Publicaciones periódicas |
| 9 (RLIN) | 71553 |
| 651 #4 - PUNTO DE ACCESO ADICIONAL DE MATERIA--NOMBRE GEOGRÁFICO | |
| Nombre geográfico | Baní (República Dominicana{Rpara} |
| Subdivisión general | Comercio |
| Subdivisión de forma | Publicaciones periódicas |
| 9 (RLIN) | 71556 |
| 651 #4 - PUNTO DE ACCESO ADICIONAL DE MATERIA--NOMBRE GEOGRÁFICO | |
| Nombre geográfico | Baní (República Dominicana) |
| Subdivisión general | Vida social y costumbres |
| Subdivisión de forma | Publicaciones periódicas |
| 9 (RLIN) | 71557 |
| 700 1# - PUNTO DE ACCESO ADICIONAL--NOMBRE DE PERSONA | |
| Nombre de persona | Germán, José Miguel, |
| Término indicativo de función/relación | dir. |
| 9 (RLIN) | 24828 |
| 942 ## - ELEMENTOS DE PUNTO DE ACCESO ADICIONAL (KOHA) | |
| Fuente del sistema de clasificación o colocación | Dewey Decimal Classification |
| Tipo de ítem Koha | Libro |
No hay ítems disponibles.
